Music Quiz

Random Music or Song Quiz

Lyrics from songs with the same title Quiz Stats

 Plays Quiz not verified by Sporcle

Score 0/20 Timer 12:00
0 Plays Today
Lyrics Song % Correct
Since my baby left me / I found a new place to dwellHeartbreak Hotel (Elvis Presley, Whitney Houston)
61.4%
I don't want clever conversation / I never want to work that hardJust The Way You Are (Billy Joel, Bruno Mars)
54.5%
Oh can't you see me standing here / I've got my back against the record machineJump (Van Halen, Kris Kross)
50%
I'm the type of guy that likes to roam around / I'm never in one place / I roam from town to townThe Wanderer (Dion, Donna Summer)
50%
Players only love you when they're playingDreams (Fleetwood Mac, Cranberries)
45.5%
It's just no good anymore since she went away / Now I spend my time just making rhymes of yesterdayOne (Three Dog Night, Metallica)
38.6%
Shame on you, your mama said / Shame on you, you cried in bedBig Girls Don't Cry (Four Seasons, Fergie)
31.8%
So often times it happens that we live our lives in chains / And we never even know we have the keyAlready Gone (Eagles, Kelly Clarkson)
27.3%
Doesn't anybody stay in one place anymore / It would be so fine to see your face at my doorSo Far Away (Carole King, Staind)
22.7%
Why am I standing on a cloud / Every time you're around / And my sadness disappears / Every time you are nearAngel (Madonna, Sarah McLachlan)
20.5%
Lyrics Song % Correct
I got to feel it in my blood, whoa-oh / I need your touch, don't need your loveAnimal (Def Leppard, Neon Trees)
18.2%
But you know that I'll forgive you / Just this once, twice, foreverFreedom (Wham!, George Michael)
15.9%
He's been locked up / Find somebody else / He ain't nothing but a thugSo What (Field Mob & Ciara, Pink)
15.9%
From where I stand / You are home free / The planets align so rareMagic (Olivia Newton-John, B.O.B. & Rivers Cuomo)
15.9%
I don't want to hold her down / Don't want to break her crownLet's Go (The Cars, Wang Chung)
11.4%
And in the day everything's complex / There's nothing simple when I'm not around youWhen You're Gone (Cranberries, Avril Lavigne)
9.1%
Please let's forget the past / The future looks bright aheadDon't Be Cruel (Elvis Presley, Bobby Brown)
9.1%
There was always something more important to do / More important to say / But 'I love you' wasn't one of those thingsDo You Remember (Phil Collins, Jay Sean)
9.1%
I am damaged at best / Like you've already figured out / I'm falling apart / I'm barely breathingBroken (Lifehouse, Seether)
6.8%
Today I weigh less than a shadow on the wall / Just one more whisper of a voice unheardThe Last Song (Elton John, All-American Rejects)
2.3%

You're not logged in!

Compare scores with friends on all Sporcle quizzes.
OR
Log In

Show Comments

Extras

Top Quizzes Today


Score Distribution

Your Account Isn't Verified!

In order to create a playlist on Sporcle, you need to verify the email address you used during registration. Go to your Sporcle Settings to finish the process.

Report this User

Report this user for behavior that violates our Community Guidelines.

Details: